[Event "Stjernens høstturnering 2016"]
[Site "Seilduksgata 11"]
[Date "2016.09.06"]
[Round "3"]
[White "Marosevic, Tomislav"]
[Black "Music, Serif"]
[Result "1-0"]
[WhiteElo "1534"]
[BlackElo "1638"]
[Annotator "Stjernen,SK"]
[PlyCount "65"]
[EventDate "2016.??.??"]

1. d4 d5 2. c4 c6 3. cxd5 cxd5 4. Nf3 e6 5. Nc3 Nf6 6. Bg5 Be7 7. e3 Nc6 8. Bd3
Bd7 9. a3 O-O 10. O-O Rc8 11. Rc1 a6 12. b4 Na7 13. Ne5 Be8 14. f4 a5 15. Bxf6
Bxf6 16. Rf3 axb4 17. Bxh7+ $1 Kxh7 18. Rh3+ Bh4 19. Qh5+ Kg8 20. Rxh4 Qxh4 21.
Qxh4 Rxc3 22. Rxc3 (22. Qe1 $142 $1) 22... bxc3 23. Qe1 f6 (23... c2 24. Nd3
Bb5 25. Nc1 Rc8) 24. Nd3 c2 25. Qd2 Ba4 26. Nc5 (26. Qa5 Bb5 27. Nc1 Ba6 28.
Qc5 Nc6 29. Qxc2) 26... Bb5 (26... Rc8 $1 27. Qc1 (27. Nxa4 c1=Q+) 27... Be8)
27. Qxc2 e5 28. Ne6 Rc8 29. Qg6 Rc1+ 30. Kf2 Rf1+ 31. Kg3 exf4+ 32. Kh4 fxe3
33. Qxg7#
1-0

[Event "Stjernens høstturnering 2016"]
[Site "Seilduksgata 11"]
[Date "2016.09.06"]
[Round "3"]
[White "Bernstein, Jonas August"]
[Black "Lindsjørn, Trygve"]
[Result "1-0"]
[WhiteElo "1486"]
[BlackElo "1623"]
[Annotator "Stjernen,SK"]
[PlyCount "51"]
[EventDate "2016.??.??"]

1. d4 d5 2. c4 e6 3. Nc3 Bb4 4. Nf3 Nc6 5. e3 Nf6 6. Bd3 O-O 7. a3 Bxc3+ 8.
bxc3 b6 9. cxd5 exd5 10. h3 Re8 11. O-O h6 12. c4 Be6 13. cxd5 Bxd5 14. Bb2 Ne4
15. Rc1 Ng5 16. Nxg5 Qxg5 17. Qg4 $1 Qf6 18. e4 $1 Be6 19. Rxc6 $1 Bxg4 20.
Rxf6 gxf6 21. hxg4 Rad8 22. Rc1 Re7 23. d5 Kg7 24. f4 c5 25. g5 $1 hxg5 26.
fxg5
1-0

[Event "Stjernens høstturnering 2016"]
[Site "Seilduksgata 11"]
[Date "2016.09.06"]
[Round "3"]
[White "Wahl, Terje"]
[Black "Lindsjørn, Yngve"]
[Result "0-1"]
[WhiteElo "1313"]
[BlackElo "1588"]
[Annotator "Stjernen,SK"]
[PlyCount "94"]
[EventDate "2016.??.??"]

1. d4 c6 2. Nf3 d5 3. Bf4 Nf6 4. Nbd2 Bf5 5. e3 e6 6. c3 Nh5 7. Bg5 Be7 8. Bxe7
Qxe7 9. h3 Nf6 10. g4 Be4 11. Nxe4 Nxe4 12. Bd3 O-O 13. Bxe4 dxe4 14. Nd2 f5
15. gxf5 exf5 16. Qb3+ Kh8 17. O-O-O Qc7 18. Rdf1 Nd7 19. h4 Nf6 20. f3 b5 21.
fxe4 fxe4 22. Qc2 Rae8 23. Rf4 (23. Nxe4 Qe7 $1 (23... Nxe4 24. Rxf8+ $1 Rxf8
25. Qxe4) 24. Nxf6 Qxe3+ 25. Qd2 Rxf6) 23... Qe7 24. Nb3 Nd5 25. Rxf8+ Rxf8 26.
Qe2 Rf3 27. Qg2 Nxe3 28. Qh2 Qf8 29. Nd2 Rf4 30. Qg3 (30. Qe2 Nf5 31. Nxe4 Qe7
32. Re1 Nxh4) 30... Ng4 31. Re1 e3 32. Rxe3 Nxe3 33. Qxe3 Rxh4 34. Qe6 Rh6 35.
Qd7 g5 36. Qxa7 g4 37. d5 c5 38. Qd7 Rd6 (38... Rg6) 39. Qxg4 Rxd5 40. Qe6 Qd8
41. Qe2 h5 42. Qe3 Qg5 $1 43. Qe8+ Kg7 44. Qe2 h4 45. Kc2 Qxd2+ 46. Qxd2 Rxd2+
47. Kxd2 h3
0-1

[Event "Stjernens høstturnering 2016"]
[Site "Seilduksgata 11"]
[Date "2016.09.06"]
[Round "3"]
[White "Smedsrud, Morten S"]
[Black "Bergh, Nicholas"]
[Result "0-1"]
[WhiteElo "1257"]
[BlackElo "1534"]
[Annotator "Stjernen,SK"]
[PlyCount "68"]
[EventDate "2016.??.??"]

1. d4 f5 2. Nc3 e6 3. e4 fxe4 4. Nxe4 Nf6 5. Bd3 b6 6. Ne2 Bb7 7. N2c3 Be7 8.
Bg5 O-O 9. Qe2 Nc6 10. Be3 Nb4 11. f3 Nxd3+ 12. Qxd3 Nxe4 13. Nxe4 Bxe4 14.
Qxe4 Bh4+ 15. g3 Be7 16. O-O-O Qc8 17. d5 Qb7 18. Rd3 Bd6 19. Re1 exd5 20. Rxd5
Rae8 21. Qc4 Kh8 22. f4 Re7 23. Bd2 Rfe8 24. Rxe7 Rxe7 25. Bc3 Qa8 26. b3 Qe8
27. Qd4 Bc5 28. Qd1 Bd6 29. Qg4 a5 30. Rg5 Ba3+ 31. Kd1 Bb4 32. Bxb4 axb4 33.
h4 (33. Re5) 33... Re1+ 34. Kd2 Qe3#
0-1

[Event "Stjernens høstturnering 2016"]
[Site "Seilduksgata 11"]
[Date "2016.09.06"]
[Round "3"]
[White "Jonassen, Didrik"]
[Black "Prestholm, Trym"]
[Result "1-0"]
[WhiteElo "1393"]
[BlackElo "1126"]
[PlyCount "67"]
[EventDate "2016.??.??"]

1. d4 d5 2. c4 e6 3. Nc3 Nf6 4. e3 c6 5. Nf3 Nbd7 6. Bd3 dxc4 7. Bxc4 b5 8. Bb3
b4 9. Ne2 Bb7 10. Nf4 c5 11. O-O Be7 12. Nd3 Ne4 13. Nd2 Ndf6 14. Nxe4 Bxe4 15.
Nxc5 Bxc5 16. dxc5 O-O 17. Bd2 Bc6 18. Bxb4 a5 19. Bc3 Re8 20. f3 Nd5 21. Bxd5
exd5 22. Qd4 f6 23. Rfe1 Re6 24. e4 dxe4 25. Qxd8+ Rxd8 26. fxe4 a4 27. e5 fxe5
28. Rxe5 Rxe5 29. Bxe5 Rd5 30. Bd6 Rd2 31. b4 axb3 32. axb3 Rxg2+ 33. Kf1 Rxh2
34. Bxh2
1-0

[Event "Stjernens høstturnering 2016"]
[Site "Seilduksgata 11"]
[Date "2016.09.06"]
[Round "4"]
[White "Aavik, Jakob"]
[Black "Kaasen, Tor Fredrik"]
[Result "0-1"]
[WhiteElo "1803"]
[BlackElo "1927"]
[Annotator "Stjernen,SK"]
[PlyCount "148"]
[EventDate "2016.??.??"]

1. e4 c5 2. Nf3 d6 3. d4 cxd4 4. Nxd4 Nf6 5. Nc3 g6 6. Be3 Bg7 7. f3 O-O 8. Qd2
Nc6 9. O-O-O Nxd4 10. Bxd4 Be6 11. Kb1 Qc7 12. g4 Rfc8 13. h4 Rab8 14. h5 (14.
Nb5 Qd7 15. Nxa7 Ra8 16. Nxc8 Bxa2+ 17. Kc1 Rxc8) 14... b5 15. Be2 b4 16. Nd5
Bxd5 17. exd5 Qa5 18. Bxf6 Bxf6 19. hxg6 hxg6 20. f4 Qc5 21. Rh3 a5 22. g5 Bg7
23. Bg4 Rc7 24. f5 (24. Qh2) 24... Qc4 25. Be2 (25. Rdh1 $1 Qxg4 26. Qh2 $1 Qd4
27. f6) 25... Qe4 26. fxg6 Qe5 $1 (26... Qxg6 $2 27. Bd3 $1 f5 28. gxf6 Qxf6
29. Qc1 $1) 27. gxf7+ Kf8 28. Qc1 Qxe2 29. g6 Rbc8 30. Rdh1 Qe5 31. R3h2 a4 32.
Rh5 Qf6 33. R5h2 Qxg6 (33... b3 $1) 34. Rg1 Qf6 35. Rhg2 Bh6 36. Qd1 e5 37. Rg6
(37. dxe6 Ke7 (37... Qxe6 38. Re1) 38. Rf1 Bf4 39. Rgf2) 37... Qf5 38. Rxh6
Rxc2 39. Ka1 a3 40. bxa3 bxa3 (40... Rc1+ 41. Qxc1 Rxc1+ 42. Rxc1 bxa3) 41.
Rh8+ Ke7 42. f8=Q+ Rxf8 43. Rxf8 Kxf8 44. Rf1 (44. Qb1 $1 Rf2 45. Qb8+ Kf7 46.
Qg8+ Ke7 47. Rg7+) 44... Rf2 45. Rxf2 Qxf2 46. Qc1 Qd4+ 47. Kb1 Qd3+ 48. Ka1
Qxd5 49. Qxa3 Ke7 50. Qe3 Kd7 51. Qa7+ Ke6 52. Qe3 e4 53. a4 Qd1+ 54. Kb2 Qxa4
55. Kc1 Qc4+ 56. Kb2 Kd5 57. Qg5+ Kc6 $1 (57... Kd4 $2 $11 58. Qg1+ $1 e3 59.
Qg4+ Kd3 60. Qd1+ Ke4 61. Qg4+ Kd5 62. Qg8+ Kc5 63. Qc8+ Kb4 64. Qb8+ Kc5 65.
Qc8+) 58. Qd8 Qe2+ 59. Kc1 Qf1+ 60. Kd2 Qf2+ 61. Kd1 Qd4+ 62. Ke1 Kb5 63. Qd7+
Kc5 64. Qc7+ (64. Qa7+ $1 $11 Kc4 65. Qa4+ Kc3 66. Qa1+ Kd3 67. Qd1+ Ke3 68.
Qb3+ Qd3 69. Qb2 $1 Kf3 70. Qf6+ Kg4 71. Qg6+ Kh3) 64... Kb4 65. Qb7+ Kc3 66.
Qc6+ Kd3 (66... Kb3) 67. Qa6+ Ke3 68. Qe2+ Kf4 69. Qh2+ Kf5 (69... Kg5) 70.
Qh5+ Ke6 71. Qe8+ Kd5 72. Qa8+ Kc4 73. Qc6+ (73. Qa4+ $1 $11) 73... Kb3 $1 74.
Qa6 Qe3+
0-1

[Event "Stjernens høstturnering 2016"]
[Site "Seilduksgata 11"]
[Date "2016.09.06"]
[Round "4"]
[White "Wasshaug, Espen"]
[Black "Egeland, Finn"]
[Result "0-1"]
[WhiteElo "1797"]
[BlackElo "1960"]
[Annotator "Stjernen,SK"]
[PlyCount "84"]
[EventDate "2016.??.??"]

1. Nf3 Nf6 2. c4 g6 3. Nc3 Bg7 4. d4 d6 5. e4 O-O 6. Be2 e5 7. d5 a5 8. O-O Na6
9. Ne1 Nc5 10. f3 Nh5 11. Be3 b6 12. b3 f5 13. Rc1 Nf4 14. Qd2 Nxe2+ 15. Qxe2
f4 16. Bf2 g5 17. Nd3 h5 18. Nxc5 bxc5 19. Nb5 g4 20. Kh1 Rf7 21. Qe1 Bf6 22.
Rg1 h4 23. fxg4 Bxg4 24. h3 Bh5 25. Nc3 Kh8 26. Nb1 f3 27. Rc3 Bg5 28. Nd2
fxg2+ 29. Rxg2 Qf6 30. Be3 Bf4 31. Bxf4 Qxf4 32. Qe3 Rg8 33. Qxf4 exf4 34.
Rxg8+ Kxg8 35. Nf3 Re7 36. Kg2 Rxe4 37. Rc2 Kg7 38. Rf2 a4 39. Ng5 f3+ 40. Nxf3
axb3 41. axb3 Re3 42. Ng5 $4 (42. Nxh4 Rxb3 43. Nf5+) 42... Rg3+ $1
0-1

[Event "Stjernens høstturnering 2016"]
[Site "Seilduksgata 11"]
[Date "2016.09.06"]
[Round "4"]
[White "Fjellheim, Benjamin"]
[Black "Vestli, Håkon Bjørge"]
[Result "0-1"]
[WhiteElo "1715"]
[BlackElo "1952"]
[Annotator "Stjernen,SK"]
[PlyCount "96"]
[EventDate "2016.??.??"]

1. c4 e5 2. g3 Nf6 3. Bg2 Nc6 4. Nf3 Be7 5. Nc3 d6 6. O-O O-O 7. d4 Re8 8. Bg5
h6 9. Bd2 Nxd4 10. Nxd4 exd4 11. Nb5 c5 12. e3 a6 13. Na3 dxe3 14. Bxe3 Qc7 15.
Qd3 Bd7 16. Rad1 Bc6 17. Nb1 Bxg2 18. Kxg2 Qc6+ 19. f3 Ng4 20. Bf4 g5 21. Bc1
Bf8 22. Nc3 Re6 23. Nd5 Nf6 24. Rfe1 Rae8 25. Rxe6 Rxe6 26. Kf2 Qa4 27. Nc3 Qe8
28. b3 Bg7 29. Bd2 Nd7 30. Nd5 Bd4+ 31. Kf1 Qf8 32. Re1 Rxe1+ 33. Bxe1 Qe8 34.
Bf2 Bxf2 35. Kxf2 Qe5 36. Qe2 f6 37. f4 (37. Qxe5 $11) 37... Qxe2+ 38. Kxe2 Kf7
39. Ke3 Ke6 40. Ke4 f5+ 41. Ke3 Nf6 42. fxg5 hxg5 43. Kf3 g4+ 44. Kf4 Nxd5+ 45.
cxd5+ Kf6 $1 46. a3 b6 47. b4 cxb4 48. axb4 a5
0-1

[Event "Stjernens høstturnering 2016"]
[Site "Seilduksgata 11"]
[Date "2016.09.06"]
[Round "4"]
[White "Haugerud, Hårek"]
[Black "Bernstein, Jonas August"]
[Result "1-0"]
[WhiteElo "1709"]
[BlackElo "1486"]
[Annotator "Stjernen,SK"]
[PlyCount "35"]
[EventDate "2016.??.??"]

1. e4 c5 2. Nf3 d6 3. d4 cxd4 4. Nxd4 Nf6 5. Nc3 a6 6. Bg5 Nbd7 7. f4 Qc7 8.
Qf3 b5 9. O-O-O Bb7 10. Bd3 e6 11. Rhe1 Be7 12. Qh3 b4 13. Nd5 $1 exd5 14. exd5
Nc5 (14... Kd8) 15. Nf5 Bc8 16. Nxg7+ Kf8 17. Qh6 Nxd3+ 18. Rxd3
1-0

[Event "Stjernens høstturnering 2016"]
[Site "Seilduksgata 11"]
[Date "2016.09.06"]
[Round "4"]
[White "Lindsjørn, Yngve"]
[Black "Grindbakken, Erik"]
[Result "0-1"]
[WhiteElo "1588"]
[BlackElo "1691"]
[Annotator "Stjernen,SK"]
[PlyCount "117"]
[EventDate "2016.??.??"]

1. e4 c6 2. d4 d5 3. Nc3 h6 4. h4 dxe4 5. Nxe4 Bf5 6. Ng3 Bh7 7. Nf3 Nf6 8. h5
e6 9. Bd3 Bxd3 10. Qxd3 Bd6 11. Ne2 Nbd7 12. Bd2 c5 13. O-O-O Qc7 14. Kb1 c4
15. Qc3 a5 16. b3 Ne4 17. Qe3 cxb3 18. cxb3 (18. Qxe4 bxa2+ (18... bxc2+ 19.
Qxc2) 19. Ka1) 18... Nxd2+ 19. Nxd2 Nb6 20. Rc1 Qd7 21. Nc4 Nxc4 22. Rxc4 b5
23. Rc2 Ba3 24. Qd3 O-O 25. Nc3 Rab8 26. Ka1 Rfd8 27. Rd1 Be7 28. Ne4 Qd5 29.
Qf3 f5 30. Nc3 Qxf3 31. gxf3 Bf6 32. Ne2 Rb7 33. Rcd2 Rbd7 34. f4 Rc8 35. Kb1
Rdc7 36. Rc1 Kf7 37. Rdc2 Rxc2 38. Rxc2 Rxc2 39. Kxc2 g6 40. hxg6+ Kxg6 41. Kd3
h5 42. a4 bxa4 43. bxa4 h4 44. Ke3 Kf7 45. Kd3 Ke7 46. Kc4 Kd6 47. Ng1 Bd8 48.
Nh3 Bc7 49. Ng5 Ke7 50. Nh3 Bd6 51. Kd3 Bb4 52. f3 Kd6 53. Ng5 Kd5 54. Nh3 Be1
55. Ng5 Bg3 56. Ke3 Kc4 57. Nxe6 h3 58. d5 Kxd5 59. Nc7+
0-1

[Event "Stjernens høstturnering 2016"]
[Site "Seilduksgata 11"]
[Date "2016.09.06"]
[Round "4"]
[White "Ruud, Svein E"]
[Black "Iversen, Kjell"]
[Result "1/2-1/2"]
[WhiteElo "1674"]
[BlackElo "1556"]
[Annotator "Stjernen,SK"]
[PlyCount "128"]
[EventDate "2016.??.??"]

1. d4 d5 2. Nf3 Bg4 3. Nbd2 h6 4. e3 e6 5. Bd3 Bd6 6. h3 Bf5 7. O-O Bxd3 8.
cxd3 Nd7 9. e4 dxe4 10. dxe4 c6 11. Nc4 Bc7 12. d5 Nb6 13. Na5 (13. d6 Nxc4 14.
dxc7 Qxd1 (14... Qxc7 15. Qd4 Nb6 16. Qxg7) 15. Rxd1 Rc8 16. Rd4 Nb6 17. Bf4)
13... cxd5 14. Nxb7 Qe7 15. exd5 Nxd5 16. Qa4+ Qd7 17. Qxd7+ Kxd7 18. Nc5+ Kd8
19. Na6 Bb6 20. Ne5 Ke8 21. Nc4 Ngf6 22. b3 Ne4 23. Ba3 f6 24. Rac1 Kf7 25.
Nd6+ Nxd6 26. Bxd6 e5 27. Nc7 Nxc7 28. Bxc7 Bd4 29. Rc6 Rhe8 30. Rfc1 Re6 31.
Bd6 Rd8 32. Rc7+ Kg6 33. Bc5 Ra6 34. Bxd4 exd4 35. R1c2 d3 36. Rd2 Re6 37. f3
Re2 38. Rxe2 dxe2 39. Kf2 Re8 40. Ke1 a6 41. Rc2 Kg5 42. Rxe2 Rxe2+ 43. Kxe2
Kf4 44. Kf2 (44. Kd3 Ke5 (44... Kg3 45. b4 Kxg2 46. a4 Kxf3 47. b5) 45. Kc4 Kd6
46. b4 $18) 44... a5 45. a3 Ke5 46. Ke3 Kd5 47. Kd3 g6 48. g3 f5 49. b4 a4 50.
f4 g5 51. h4 gxh4 52. gxh4 h5 53. b5 Kc5 54. b6 Kxb6 55. Kc4 (55. Kd4 $1 Kb5 (
55... Kc6 56. Ke5) 56. Kd5 $1 $18) 55... Kc6 56. Kb4 Kd5 $1 57. Kxa4 Ke4 58.
Kb4 Kxf4 59. a4 Kg3 60. a5 f4 61. a6 f3 62. a7 f2 63. a8=Q f1=Q 64. Qg8+ Kxh4
1/2-1/2

[Event "Stjernens høstturnering 2016"]
[Site "Seilduksgata 11"]
[Date "2016.09.06"]
[Round "4"]
[White "Music, Serif"]
[Black "Prestholm, Trym"]
[Result "1-0"]
[WhiteElo "1638"]
[BlackElo "1126"]
[PlyCount "43"]
[EventDate "2016.??.??"]

1. e4 e6 2. f4 Nf6 3. e5 Nd5 4. d4 c5 5. c4 Nb6 6. d5 exd5 7. cxd5 g6 8. Nf3 f6
9. Nc3 a6 10. Be2 Bg7 11. O-O O-O 12. Ne4 fxe5 13. fxe5 Re8 14. Bf4 Qe7 15. d6
Qf8 16. Bg3 Nc6 17. Nfg5 Qxf1+ 18. Bxf1 Nd4 19. b4 Bxe5 20. Bxe5 Rxe5 21. bxc5
Ne6 22. Nxe6
1-0

[Event "Stjernens høstturnering 2016"]
[Site "Seilduksgata 11"]
[Date "2016.09.06"]
[Round "4"]
[White "Lindsjørn, Trygve"]
[Black "Jonassen, Didrik"]
[Result "1-0"]
[WhiteElo "1623"]
[BlackElo "1393"]
[Annotator "Stjernen,SK"]
[PlyCount "49"]
[EventDate "2016.??.??"]

1. e4 c5 2. b4 cxb4 3. a3 Nc6 4. Nf3 e6 5. Bb5 Nf6 6. e5 Ne4 7. O-O Bc5 8. Bb2
Qb6 (8... Nxf2 9. Qe2 (9. Rxf2 Bxf2+ 10. Kxf2 Qb6+ 11. d4 Qxb5) 9... Nd3+ 10.
Kh1 Nxb2) 9. Bxc6 Nxf2 10. Qe2 Ng4+ (10... Nd3+ 11. Kh1 Nxb2 12. Be4) 11. d4
bxc6 12. dxc5 Qxc5+ 13. Bd4 Qa5 14. Nbd2 Ba6 15. Nc4 Qd5 16. Nd6+ Qxd6 17. Qxa6
Qb8 18. Rab1 c5 19. Bxc5 Nxe5 20. axb4 Nxf3+ 21. Rxf3 f6 22. Rd3 d5 23. Qxe6+
Kd8 24. Rxd5+ Qd6 25. Rxd6+
1-0

[Event "Stjernens høstturnering 2016"]
[Site "Seilduksgata 11"]
[Date "2016.09.06"]
[Round "4"]
[White "Bergh, Nicholas"]
[Black "Marosevic, Tomislav"]
[Result "0-1"]
[WhiteElo "1534"]
[BlackElo "1534"]
[Annotator "Stjernen,SK"]
[PlyCount "44"]
[EventDate "2016.??.??"]

1. e4 c6 2. d4 d5 3. exd5 cxd5 4. Bd3 Nc6 5. c3 Nf6 6. Bf4 Bg4 7. Ne2 e6 8. Nd2
Nh5 9. f3 Nxf4 10. Nxf4 Bd6 11. Nxd5 exd5 12. fxg4 Qh4+ 13. Kf1 O-O 14. Bf5 g6
15. Nf3 Qh6 16. Bc2 Ne7 17. g3 Bxg3 18. Kg2 Bc7 19. Re1 Rae8 20. Ba4 Nc6 21.
Qb3 Qf4 22. h3 (22. Qxd5 $142 Qxg4+ 23. Kh1) 22... Qg3+
0-1

[Event "Stjernens høstturnering 2016"]
[Site "Seilduksgata 11"]
[Date "2016.09.06"]
[Round "4"]
[White "Smedsrud, Morten S"]
[Black "Omre, Christian Areklett"]
[Result "0-1"]
[WhiteElo "1257"]
[BlackElo "1330"]
[PlyCount "44"]
[EventDate "2016.??.??"]

1. d4 Nf6 2. c4 c5 3. d5 b5 4. Nc3 g6 5. e4 b4 6. e5 bxc3 7. exf6 exf6 8. d6
Bg7 9. Qe2+ Kf8 10. bxc3 f5 11. Bb2 Bb7 12. Rd1 Bf6 13. Rd3 Kg7 14. Qd2 Re8+
15. Ne2 Nc6 16. Bc1 h5 17. Rg3 Ne5 18. Qh6+ Kg8 19. Qxh5 Nxc4 20. Rxg6+ fxg6
21. Qxg6+ Bg7 22. Bh6 Qf6
0-1

[Event "Stjernens høstturnering 2016"]
[Site "Seilduksgata 11"]
[Date "2016.09.06"]
[Round "5"]
[White "Kaasen, Tor Fredrik"]
[Black "Egeland, Finn"]
[Result "1-0"]
[WhiteElo "1927"]
[BlackElo "1960"]
[Annotator "Stjernen,SK"]
[PlyCount "83"]
[EventDate "2016.??.??"]

1. d4 Nf6 2. c4 g6 3. Nc3 Bg7 4. e4 d6 5. Nf3 O-O 6. Be2 e5 7. O-O Nc6 8. d5
Ne7 9. Ne1 Nd7 10. Be3 f5 11. f3 f4 12. Bf2 g5 13. Rc1 Ng6 14. Nb5 Nf6 15. c5
Rf7 16. cxd6 cxd6 17. Nxa7 Bd7 18. Bb5 g4 (18... Rxa7 19. Bxd7 Rxd7 20. Bxa7 b6
$13) 19. Bxd7 Rxd7 20. Qc2 (20. Qb3 g3 21. Bb6) 20... g3 $1 21. hxg3 fxg3 22.
Be3 Nh5 (22... Nxd5 $1 23. Qb3 (23. Qc8 Rxc8 24. Rxc8 Nxe3) (23. exd5 Qh4)
23... Qh4 24. Qxd5+ Kh8 25. Rf2 Nf4 $1) 23. Qc8 $1 Nhf4 24. Qxd8+ Rdxd8 25. Rc7
Ne2+ (25... Bh6 $1 26. Bb6 (26. Rxb7 Ne2+ 27. Kh1 Bxe3) 26... Rf8 $1 27. Rc2
Nxd5 $1 28. exd5 Ne7 $1 29. Nb5 Nxd5 30. Nxd6 (30. Bc7 Be3+ 31. Kh1 Rf5) 30...
Nxb6) 26. Kh1 Rab8 27. Bg5 Rf8 28. Nd3 Ngf4 29. Nxf4 exf4 30. Re1 Bd4 31. Nb5
Bb6 32. Rc4 h6 (32... Rbe8 $1 33. Rxe2 Re5 34. Bh4 Rh5 35. Nd4 Rxh4+ 36. Kg1)
33. Bh4 Ra8 34. Rxe2 Rxa2 35. Rc1 Be3 36. Rd1 Bc5 37. Be7 Rf7 38. Bxd6 Be3 39.
Ba3 Rg7 40. Rxe3 fxe3 41. Nc3 e2 42. Re1
1-0

[Event "Stjernens høstturnering 2016"]
[Site "Seilduksgata 11"]
[Date "2016.09.06"]
[Round "5"]
[White "Vestli, Håkon Bjørge"]
[Black "Aavik, Jakob"]
[Result "1-0"]
[WhiteElo "1952"]
[BlackElo "1803"]
[Annotator "Stjernen,SK"]
[PlyCount "55"]
[EventDate "2016.??.??"]

1. e4 c5 2. Nc3 g6 3. Nf3 Bg7 4. Bc4 Nc6 5. a3 Nf6 6. d3 d6 7. O-O O-O 8. Re1
Bg4 9. h3 Bxf3 10. gxf3 Qd7 (10... Nh5) 11. Kg2 Rab8 12. Nd5 b5 13. Ba2 b4 14.
Nxf6+ Bxf6 15. axb4 cxb4 16. Qd2 Rfc8 17. c3 bxc3 18. bxc3 Na5 (18... Ne5 $1
19. d4 (19. f4 Nf3 $3 20. Kxf3 Qxh3+ 21. Ke2 Qh5+ 22. Kf1 Bxc3) 19... Nxf3 $3
20. Kxf3 Qxh3+ 21. Ke2 (21. Kf4 g5#) 21... Rxc3 22. Rg1 Rbc8) 19. d4 Nb3 20.
Bxb3 Rxb3 21. e5 Bg7 22. exd6 Qxd6 23. Rxa7 Rcxc3 (23... Bf8 24. Qf4 Qxf4 25.
Bxf4 Rbxc3) 24. Rexe7 $1 Bxd4 25. Re8+ Kg7 26. Qh6+ Kf6 27. Qh4+ Kf5 28. Rxf7+
1-0

[Event "Stjernens høstturnering 2016"]
[Site "Seilduksgata 11"]
[Date "2016.09.06"]
[Round "5"]
[White "Ryen, Thomas Ager"]
[Black "Wasshaug, Espen"]
[Result "0-1"]
[WhiteElo "1627"]
[BlackElo "1797"]
[PlyCount "64"]
[EventDate "2016.??.??"]

1. e4 c5 2. Nc3 Nc6 3. f4 e6 4. Nf3 d5 5. e5 Nh6 6. Bb5 Bd7 7. Ne2 Nxe5 8.
Bxd7+ Nxd7 9. c3 Be7 10. O-O O-O 11. h3 Nf5 12. g4 Nd6 13. Qe1 c4 14. Kh2 Nc5
15. Ned4 Nde4 16. g5 Nd3 17. Qe3 Bd6 18. Ne2 Nxg5 19. Nxg5 Qxg5 20. Rg1 Bxf4+
21. Nxf4 Qxf4+ 22. Qxf4 Nxf4 23. d4 Ne2 24. Rg2 Nxc1 25. Rxc1 b5 26. b3 cxb3
27. axb3 Rfc8 28. Rgc2 a5 29. c4 bxc4 30. bxc4 Rxc4 31. Rxc4 dxc4 32. Rxc4 a4
0-1

[Event "Stjernens høstturnering 2016"]
[Site "Seilduksgata 11"]
[Date "2016.09.06"]
[Round "5"]
[White "Marosevic, Tomislav"]
[Black "Fjellheim, Benjamin"]
[Result "1/2-1/2"]
[WhiteElo "1534"]
[BlackElo "1715"]
[Annotator "Stjernen,SK"]
[PlyCount "83"]
[EventDate "2016.??.??"]

1. d4 d5 2. c4 dxc4 3. e4 e5 4. Nf3 exd4 5. Qxd4 Qxd4 6. Nxd4 Bd7 7. Bxc4 Nc6
8. Be3 Nf6 9. Nc3 Bb4 10. f3 Ne5 11. Be2 O-O 12. Rc1 Rfd8 13. O-O a6 14. Rfd1
Rac8 15. Bg5 Be7 16. Bxf6 Bxf6 17. Nd5 c5 18. Nxf6+ gxf6 19. Nb3 c4 20. Na5 Be6
21. Rxd8+ (21. Nxb7 Rxd1+ 22. Rxd1 Nd3 (22... Rb8 23. Rd8+ Rxd8 24. Nxd8) 23.
b3 cxb3 24. axb3 Nf4 25. Bxa6 Bxb3) 21... Rxd8 22. Nxb7 Rd2 23. Bf1 Rxb2 24.
Nc5 Rxa2 25. f4 Nd3 26. Nxd3 cxd3 27. Bxd3 a5 28. Rc2 a4 29. Rc3 Bb3 30. h3 Rb2
31. Bc4 Bxc4 32. Rxc4 a3 33. Ra4 a2 34. Kh2 Kg7 35. Kg3 Kg6 36. Kf3 h5 37. Kg3
Rc2 38. h4 Rc3+ 39. Kh2 Rc2 40. Ra6 Kg7 41. Kg3 Rc3+ 42. Kh2
1/2-1/2

[Event "Stjernens høstturnering 2016"]
[Site "Seilduksgata 11"]
[Date "2016.09.06"]
[Round "5"]
[White "Grindbakken, Erik"]
[Black "Bergh, Nicholas"]
[Result "1-0"]
[WhiteElo "1691"]
[BlackElo "1534"]
[Annotator "Stjernen,SK"]
[PlyCount "45"]
[EventDate "2016.??.??"]

1. e4 e6 2. Nc3 d5 3. d4 Nf6 4. e5 Nfd7 5. f4 c5 6. Nf3 b6 7. Be3 Ba6 8. f5
Bxf1 9. Rxf1 Be7 10. fxe6 fxe6 11. Ne2 Nc6 12. Nf4 Nf8 13. Qd2 cxd4 14. Bxd4 g5
15. Nh5 g4 16. Nf6+ Bxf6 17. exf6 Nxd4 18. Qxd4 Ng6 (18... gxf3 19. f7+ Kd7 20.
Qxh8 fxg2 21. Rg1 Qh4+ 22. Ke2 Qe4+ 23. Kf2 Qxc2+ 24. Kg3 Qg6+ 25. Kf2 Rc8) 19.
Ng5 Qd6 20. O-O-O Ne5 21. Rde1 Nc6 22. Qxg4 e5 23. Qh5+
1-0

[Event "Stjernens høstturnering 2016"]
[Site "Seilduksgata 11"]
[Date "2016.09.06"]
[Round "5"]
[White "Bernstein, Jonas August"]
[Black "Kutrovac, Milan"]
[Result "0-1"]
[WhiteElo "1486"]
[BlackElo "1611"]
[Annotator "Stjernen,SK"]
[PlyCount "132"]
[EventDate "2016.??.??"]

1. d4 Nf6 2. c4 e6 3. Nc3 d5 4. cxd5 exd5 5. Bg5 c6 6. Qc2 Nbd7 7. e3 Bd6 8.
Bd3 h6 9. Bh4 O-O 10. Nf3 Re8 11. O-O a5 12. e4 dxe4 13. Nxe4 Be7 14. Nc3 Nb6
15. h3 Be6 16. Bg3 Nbd5 17. a3 Rc8 18. Rad1 Bd6 19. Ne5 Qc7 20. Rfe1 Nh5 21.
Nxd5 Bxd5 22. Bh2 Nf6 23. Re3 c5 $1 24. Rde1 cxd4 25. Qxc7 Bxc7 26. R3e2 Bd6
27. Bf4 g5 28. Bd2 b6 29. Nd7 Kg7 30. Nxf6 Rxe2 31. Nh5+ Kf8 32. Rxe2 Be6 33.
Nf6 Rb8 34. h4 Kg7 35. Nh5+ Kf8 36. hxg5 Bg4 37. Bf4 Bxf4 38. Nxf4 Bxe2 39.
Nxe2 hxg5 40. Kh2 f6 41. Nxd4 Re8 42. Bb5 Re4 43. Nc2 Ke7 44. Kg3 f5 45. f3 Re5
46. Nd4 Kd6 47. a4 Rc5 48. Nb3 Rc2 49. Nd4 Rc5 50. Nb3 Rd5 51. Nc1 Ke5 52. Nd3+
Kd4 53. Nf2 Ke3 54. Nh3 f4+ 55. Kg4 Rd2 56. Nxg5 Rxg2+ 57. Kf5 Rxb2 58. Ne6 Rb4
59. Nc7 Kxf3 60. Bc6+ Kg3 61. Nd5 Rc4 62. Bb5 Rc5 63. Ke4 f3 64. Nxb6 Rxb5 $1
65. axb5 f2 66. Nd5 f1=Q
0-1

[Event "Stjernens høstturnering 2016"]
[Site "Seilduksgata 11"]
[Date "2016.09.06"]
[Round "5"]
[White "Iversen, Kjell"]
[Black "Lindsjørn, Yngve"]
[Result "1/2-1/2"]
[WhiteElo "1556"]
[BlackElo "1588"]
[Annotator "Stjernen,SK"]
[PlyCount "100"]
[EventDate "2016.??.??"]

1. e4 c6 2. d4 d5 3. exd5 cxd5 4. Nf3 Bf5 5. Bd3 Bxd3 6. Qxd3 e6 7. O-O Nf6 8.
Bf4 Nc6 9. Re1 Be7 10. c3 O-O 11. Nbd2 Rc8 12. Ne5 Nxe5 13. Bxe5 Bd6 14. Nf3 h6
15. h3 Re8 16. Nh2 a6 17. Qg3 Bxe5 18. dxe5 Ne4 19. Qe3 Rc6 20. Re2 b5 21. Nf1
Qe7 22. f3 Nc5 23. Ng3 Qh4 24. f4 g6 25. Kh2 f5 26. Rf1 Rf8 27. Ref2 Rd8 28.
Ne2 Ne4 29. Rf3 Qe7 30. Ng3 Kh7 31. Nxe4 dxe4 32. R3f2 Rc7 33. Rg1 Qc5 34. Qe2
Rcd7 35. Rgf1 Rd3 36. Qc2 Qd5 37. Qb3 Qxb3 38. axb3 Rd2 39. Rxd2 Rxd2 40. Ra1
e3 41. Kg3 Rxb2 42. Rxa6 (42. Kf3 Rxb3 43. Rxa6 Rxc3 44. Rxe6 $11) 42... Rxb3 (
42... Rf2 $1 43. Ra1 (43. Rxe6 Rf1 $19) 43... g5 44. fxg5 hxg5 45. c4 f4+ 46.
Kh2 bxc4 47. bxc4 Rc2 $19) 43. Rxe6 Rxc3 (43... g5 $1) 44. Kf3 Kg7 45. Ke2 Kf7
46. Rb6 Rb3 47. g3 b4 48. h4 h5 49. Rf6+ Ke7 50. Rb6 Kf7
1/2-1/2

[Event "Stjernens høstturnering 2016"]
[Site "Seilduksgata 11"]
[Date "2016.09.06"]
[Round "5"]
[White "Wahl, Terje"]
[Black "Smedsrud, Morten S"]
[Result "0-1"]
[WhiteElo "1313"]
[BlackElo "1257"]
[PlyCount "96"]
[EventDate "2016.??.??"]

1. Nf3 Nf6 2. g3 d5 3. Bg2 Nc6 4. O-O e5 5. d3 h6 6. c4 Be6 7. a3 dxc4 8. dxc4
Qxd1 9. Rxd1 Bxc4 10. Bf1 a5 11. Nc3 Bc5 12. Nd2 Ba6 13. Nde4 Nxe4 14. Nxe4 Bb6
15. e3 Bxf1 16. Kxf1 O-O 17. Bd2 Ne7 18. Bc3 f6 19. b4 Nc6 20. Nc5 Bxc5 21.
bxc5 Rfd8 22. Ke2 Kf7 23. Rab1 Rxd1 24. Kxd1 Nd8 25. a4 c6 26. Ke2 Ke6 27. f4
exf4 28. exf4 Kd5 29. Rc1 Ne6 30. Rd1+ Kxc5 31. Rd7 Kc4 32. Ba1 Re8 33. Kf2 b5
34. axb5 cxb5 35. Ra7 a4 36. f5 Nd4 37. Rc7+ Kd3 38. Rd7 Re2+ 39. Kf1 Re4 40.
Kg2 b4 41. Rxg7 Nxf5 42. Rd7+ Nd4 43. Rd6 a3 44. Rxf6 b3 45. Bxd4 Rxd4 46. Rf3+
Kc4 47. Kh3 a2 48. Rf1 b2
0-1